000
00312nam a2200133Ia 4500
999
_c
37672
_d
37672
003
OSt
005
20191021100016.0
008
190216s9999||||xx |||||||||||||| ||und||
040
_c
ddc
100
_a
Pichamuthu C S
245
0
_a
Indiayude Boudika Boomishashthram
260
_b
Kerala Basha Inst
942
_c
BK
_2
ddc